|
|
|
|
| LEADER |
00000cam a2200000 7i4500 |
| 001 |
0000030653 |
| 005 |
20110217.0 |
| 008 |
110217 |
| 020 |
|
|
|a 9676118214
|
| 090 |
0 |
0 |
|a 499.2380076
|b MER
|
| 100 |
1 |
|
|a Meriam Zamimah Zahid
|
| 245 |
1 |
0 |
|a Bahasa Melayu
|c Meriam Zamimah Zahid
|f Ruzaini Yahya
|
| 260 |
|
|
|a Kuala Lumpur :
|b Utusan Publications ,
|c 2006
|
| 440 |
|
|
|a PMR (KBSM) koleksi soalan peperiksaan sebenar 2005
|
| 650 |
|
0 |
|a Malay language
|x problem exercises, etc.
|
| 999 |
|
|
|a 0001028886
|b Book
|c REFERENCE
|e Perbadanan Perpustakaan Awam Johor
|
| 999 |
|
|
|a 0001028887
|b Book
|c REFERENCE
|e Perbadanan Perpustakaan Awam Johor
|
| 999 |
|
|
|a 0001028896
|b Book
|c REFERENCE
|e Perbadanan Perpustakaan Awam Johor
|
| 999 |
|
|
|a 0001028897
|b Book
|c REFERENCE
|e Perbadanan Perpustakaan Awam Johor
|